000 00594nam a2200229Ia 4500
003 0100
008 130303s9999 xx 000 0 und d
020 _a0889201706
040 _cARRUPELIB
050 _aBX2179.L8I48 1984
245 _aIgnatian spirituality in a secular age
260 _aWaterloo
260 _bWilfrid Laurier University Press
260 _C1984
300 _aviii
300 _b 125p. 23cm.
440 _aSR supplements , v. 15
650 _bPhilosophy - Congresses
650 _cWilson, Neil L - Congresses
700 _aSchner, George P. (ed.)
942 0 0 _03
999 _c8778
_d8778